000 03571nab a2200397 i 4500
003 BR-BrBNA
005 20241003145621.0
008 241003b2018 bl.|r|pooa||| 00| 0 eng |
040 _aBR-BrBNA
_beng
072 _aL73
_b5400
072 _aL70
100 _aPereira, M.A.A.
100 _aNowosh, V.
100 _aSuffys, P.N.
100 _aQueiroz, G.B.
100 _aSilva, K.M.O.
100 _aLourenço, M.C.S.
100 _aVicente, A.C.P.
100 _aFontes, A.N.B.
100 _aMorgado, S.
100 _aNeves, R.C.S.M.
245 _aPCR-based identification of Mycobacterium murphy causing Canine Leproid Granuloma Syndrome in Niterói, southeast Brazil ˗ case report
500 _a Publicação online; 11 ref.; 3 illus.; Summaries (En, Pt)
520 _a ABSTRACT - Canine Leproid Granuloma Syndrome (CLGS), also known as canine leprosy, is a cutaneous nodular infectious disease caused by Mycobacterium sp.. Despite being reported worldwide, it is still quite unknown and underdiagnosed. Diagnosis may be achieved by cytopathology or histopathology of skin lesions, but identification of the infectious agent is complex, since bacterial in vitro growth is not possible, relying upon molecular techniques such as PCR to confirm Mycobacterium DNA in the sample. We report a CLGS case in Niteroi, Rio de Janeiro state, Brazil, diagnosed by cytopathology and submitted to molecular identification of the agent. PCR amplification of hsp65 gene was performed and revealed 100% genetic homology to M. murphy strain. This is the first CLGS report with molecular identification in Rio de Janeiro state, and this finding should raise awareness about CLGS as a differential diagnosis among granulomatous skin diseases in this region. Keywords: CLGS, hsp65 sequence, isolate Metcalfe, molecular methods
520 _a RESUMO - A síndrome de granuloma leproide canino (SGLC), também conhecida como lepra canina, é uma doença infecciosa cutânea nodular causada por Mycobacterium sp. Apesar de ser relatada mundialmente, ainda é bastante desconhecida e subdiagnosticada. O diagnóstico pode ser conseguido por citopatologia ou histopatologia de lesões cutâneas, mas a identificação do agente infeccioso é complexa, uma vez que o crescimento in vitro bacteriano não é possível, dependendo de técnicas moleculares como a PCR para confirmar o DNA de Mycobacterium na amostra. Relatou-se um caso da SGLC em Niterói, estado do Rio de Janeiro, Brasil, diagnosticado por citopatologia e submetido à identificação molecular do agente. Foi realizada amplificação por PCR do gene hsp65, que revelou 100% de homologia genética com a cepa M. murphy. Este é o primeiro relato da SGLC com identificação molecular no estado do Rio de Janeiro, o que mostra a importância de se acrescentar a SGLC ao diagnóstico diferencial das doenças granulomatosas de pele nessa região. Palavras-chave: CLGS, sequência hsp65, isolado Metcalfe, métodos moleculares
650 _aCÃO
650 _aDOENÇA ANIMAL
650 _aHISTOPATOLOGIA
650 _aDIAGNÓSTICO
650 _aPELE
650 _aVETERINÁRIA
773 0 _01643
_9344976
_dBelo Horizonte-MG Universidade Federal de Minas Gerais - Escola de Veterinaria 1983
_o2024-5389
_tArquivo Brasileiro de Medicina Veterinária e Zootecnia (Brazil)
_x0102-0935
_gv. 70(6) p. 1699-1702; (2018)
_wBR2024002779
856 _uhttps://www.scielo.br/j/abmvz/a/tHM46drM4X7rHhw4hFP84zR/?format=pdf&lang=en
942 _cANA
999 _c327923
_d327923